Fetomaternal outcome of pregnant women viral hepatitis and associated coagulopathy (Record no. 870340)

MARC details
000 -LEADER
fixed length control field 00970nam a2200277Ia 4500
003 - CONTROL NUMBER IDENTIFIER
control field OSt
005 - DATE AND TIME OF LATEST TRANSACTION
control field 20220930080716.0
008 - FIXED-LENGTH DATA ELEMENTS--GENERAL INFORMATION
fixed length control field 220926b |||||||| |||| 00| 0 eng d
037 ## - SOURCE OF ACQUISITION
Terms of availability Theses
040 ## - CATALOGING SOURCE
Original cataloging agency CRL
Transcribing agency CRL
Language of cataloging eng
041 ## - LANGUAGE CODE
Source of code eng
Language code of text/sound track or separate title eng
100 ## - MAIN ENTRY--PERSONAL NAME
Personal name Preeti
9 (RLIN) 414587
110 ## - MAIN ENTRY--CORPORATE NAME
Corporate name or jurisdiction name as entry element University of Delhi. Faculty of Medical Sciences. Department of Obstetrics and Gynaecology
245 #0 - TITLE STATEMENT
Title Fetomaternal outcome of pregnant women viral hepatitis and associated coagulopathy
260 ## - PUBLICATION, DISTRIBUTION, ETC.
Date of publication, distribution, etc. 2007
650 ## - SUBJECT ADDED ENTRY--TOPICAL TERM
Topical term or geographic name entry element WOMEN - DISEASES
700 ## - ADDED ENTRY--PERSONAL NAME
Personal name Dr. Anurag Rohtagi Gu.
9 (RLIN) 536092
700 ## - ADDED ENTRY--PERSONAL NAME
Personal name Dr. Manju Puri Gu.
9 (RLIN) 536203
700 ## - ADDED ENTRY--PERSONAL NAME
Personal name Dr. Sunita Sharma Gu.
9 (RLIN) 532700
700 ## - ADDED ENTRY--PERSONAL NAME
Personal name University of Delhi. Faculty of Medical Sciences. Department of Obstetrics and Gynaecology
942 ## - ADDED ENTRY ELEMENTS (KOHA)
Koha item type Dissertations
Source of classification or shelving scheme Colon Classification (CC)
Holdings
Withdrawn status Lost status Damaged status Not for loan Home library Current library Date acquired Total Checkouts Barcode Date last seen Price effective from Koha item type
        Central Library Central Library 2022-09-30   TH0015899 2022-09-30 2022-09-30 Thesis
Copyright @ Delhi University Library System